Stati dell'America del Nord in ordine alfabetico - Statistics

Statistiche generali
  • Questo quiz è stato fatto 43 volte
  • Il punteggio medio è 17 su 23
Statistiche sulle risposte
Lettera iniziale Stato % Corretto
A Antigua e Barbuda
91%
B Bahamas
88%
B Barbados
81%
B Belize
81%
C Cuba
81%
E El Salvador
81%
C Canada
78%
H Honduras
78%
P Panama
78%
C Costa Rica
75%
D Dominica
72%
H Haiti
72%
M Messico
72%
N Nicaragua
72%
R Repubblica Dominicana
72%
G Giamaica
69%
G Guatemala
66%
T Trinidad e Tobago
66%
S Stati Uniti
63%
S Saint Kitts e Nevis
59%
S Saint Lucia
59%
S Saint Vincent e Grenadine
59%
G Grenada
53%
Nessun quiz corrispondente trovato
Distribuzione punteggi
Percentuale di utenti per punteggio
Percentile per numero di risposta
I tuoi punteggi nel tempo
Non hai fatto questo quiz